000 01011cpcaa2200289 4500
001 mm 79000628
003 DLC
005 20260227111633.0
008 790521|||||||||||| eng
010 _amm 79000628
040 _aDLC
_cDLC
_edacs
_dDLC
072 7 _aS
_2lcmd
100 1 _aFitch, John,
_d1743-1798.
245 0 0 _aJohn Fitch papers,
_f1764-1963.
300 _a21
_fitems.
506 0 _aOpen to research.
533 _aIn part, positive photocopies and typewritten transcripts.
545 0 _aInventor and steamboat developer.
546 _aCollection material in English.
580 _aForms part of: Miscellaneous Manuscripts collection.
656 7 _aInventors.
_2itoamc
656 7 _aSteamboat developers.
_2itoamc
999 _c40514
_d40514